00257nam a22000857a 4500082001300000100001600013245008100029260004000110300002100150 a342.7302 aMalik, M.A. aOutlines of The Constitutional of The United States of America /cM.A. Malik aLahore :bP.L.D. Publishers,c2019. a206 p. ;c24 cm.